<?xml version="1.0" encoding="UTF-8"?>
<record
    xmlns:xsi="http://www.w3.org/2001/XMLSchema-instance"
    xsi:schemaLocation="http://www.loc.gov/MARC21/slim http://www.loc.gov/standards/marcxml/schema/MARC21slim.xsd"
    xmlns="http://www.loc.gov/MARC21/slim">

  <leader>01040nam a2200265Ia 4500</leader>
  <controlfield tag="005">20220317000629.0</controlfield>
  <controlfield tag="008">160601s2003    mx a   g      000 0 spa  </controlfield>
  <datafield tag="020" ind1=" " ind2=" ">
    <subfield code="a">9706666591</subfield>
  </datafield>
  <datafield tag="100" ind1="1" ind2=" ">
    <subfield code="a">Hesse, Hermann</subfield>
    <subfield code="d">1877-1962</subfield>
  </datafield>
  <datafield tag="245" ind1="1" ind2="0">
    <subfield code="a">Demian ; El &#xFA;ltimo verano de Klingsor ; Siddhartha ; El lobo estepario ; Relatos </subfield>
    <subfield code="c">Hermann Hesse ; traducci&#xF3;n Marco A. Garibay, Carm&#xED;n Romero y Luis Rutiaga</subfield>
  </datafield>
  <datafield tag="250" ind1=" " ind2=" ">
    <subfield code="a">1a. edici&#xF3;n </subfield>
  </datafield>
  <datafield tag="300" ind1=" " ind2=" ">
    <subfield code="a">622 p&#xE1;ginas </subfield>
    <subfield code="b">ilustraciones </subfield>
    <subfield code="c">22 cm </subfield>
  </datafield>
  <datafield tag="650" ind1="1" ind2="4">
    <subfield code="2">LEMB</subfield>
    <subfield code="a">Cuentos alemanes </subfield>
    <subfield code="y">Siglo XIX</subfield>
  </datafield>
  <datafield tag="650" ind1="1" ind2="4">
    <subfield code="2">LEMB</subfield>
    <subfield code="a">Literatura alemana </subfield>
    <subfield code="y">Siglo XIX</subfield>
  </datafield>
  <datafield tag="700" ind1="1" ind2=" ">
    <subfield code="a">Romero, Carm&#xED;n</subfield>
    <subfield code="e">traductor </subfield>
    <subfield code="9">50906</subfield>
  </datafield>
  <datafield tag="700" ind1="1" ind2=" ">
    <subfield code="a">Garibay, Marco A.</subfield>
    <subfield code="d">traductor </subfield>
    <subfield code="9">50907</subfield>
  </datafield>
  <datafield tag="740" ind1=" " ind2=" ">
    <subfield code="a">El &#xFA;ltimo verano de Klingsor;\\</subfield>
    <subfield code="a">Siddhartha;\\</subfield>
    <subfield code="a">El lobo estepario;\\</subfield>
    <subfield code="a">Relatos</subfield>
  </datafield>
  <datafield tag="942" ind1=" " ind2=" ">
    <subfield code="2">loc</subfield>
    <subfield code="c">BKLIT</subfield>
  </datafield>
  <datafield tag="264" ind1=" " ind2=" ">
    <subfield code="a">M&#xE9;xico </subfield>
    <subfield code="b">Grupo Editorial Tomo</subfield>
    <subfield code="c">2003</subfield>
  </datafield>
  <datafield tag="336" ind1=" " ind2=" ">
    <subfield code="a">texto</subfield>
    <subfield code="b">txt</subfield>
    <subfield code="2">rdacontent</subfield>
  </datafield>
  <datafield tag="337" ind1=" " ind2=" ">
    <subfield code="a">sin mediaci&#xF3;n</subfield>
    <subfield code="b">n</subfield>
    <subfield code="2">rdamedia</subfield>
  </datafield>
  <datafield tag="338" ind1=" " ind2=" ">
    <subfield code="a">volumen</subfield>
    <subfield code="b">nc</subfield>
    <subfield code="2">rdacarrier</subfield>
  </datafield>
  <datafield tag="040" ind1=" " ind2=" ">
    <subfield code="a">CO-BoRNBP</subfield>
    <subfield code="b">spa</subfield>
    <subfield code="e">rda</subfield>
    <subfield code="c">CO-BoRNBP</subfield>
  </datafield>
  <datafield tag="084" ind1=" " ind2=" ">
    <subfield code="a">N HES1</subfield>
  </datafield>
  <datafield tag="999" ind1=" " ind2=" ">
    <subfield code="c">4602</subfield>
    <subfield code="d">4602</subfield>
  </datafield>
  <datafield tag="952" ind1=" " ind2=" ">
    <subfield code="0">0</subfield>
    <subfield code="1">0</subfield>
    <subfield code="2">ddc</subfield>
    <subfield code="4">0</subfield>
    <subfield code="7">0</subfield>
    <subfield code="8">GEN</subfield>
    <subfield code="a">MEDORADO</subfield>
    <subfield code="b">MEDORADO</subfield>
    <subfield code="c">LIT</subfield>
    <subfield code="d">2023-02-17</subfield>
    <subfield code="l">0</subfield>
    <subfield code="o">NHES1</subfield>
    <subfield code="p">DOR01696</subfield>
    <subfield code="r">2023-02-17 00:00:00</subfield>
    <subfield code="t">Ej.1</subfield>
    <subfield code="w">2023-02-17</subfield>
    <subfield code="y">BKLIT</subfield>
  </datafield>
  <datafield tag="952" ind1=" " ind2=" ">
    <subfield code="0">0</subfield>
    <subfield code="1">0</subfield>
    <subfield code="2">ddc</subfield>
    <subfield code="4">0</subfield>
    <subfield code="7">0</subfield>
    <subfield code="8">GEN</subfield>
    <subfield code="a">MESMARTI</subfield>
    <subfield code="b">MESMARTI</subfield>
    <subfield code="c">LIT</subfield>
    <subfield code="d">2023-05-12</subfield>
    <subfield code="l">0</subfield>
    <subfield code="o">N HES1</subfield>
    <subfield code="p">SM00313</subfield>
    <subfield code="r">2023-05-12 00:00:00</subfield>
    <subfield code="t">Ej.1</subfield>
    <subfield code="w">2023-05-12</subfield>
    <subfield code="y">BKLIT</subfield>
  </datafield>
  <datafield tag="952" ind1=" " ind2=" ">
    <subfield code="0">0</subfield>
    <subfield code="1">0</subfield>
    <subfield code="2">ddc</subfield>
    <subfield code="4">0</subfield>
    <subfield code="7">0</subfield>
    <subfield code="8">GEN</subfield>
    <subfield code="a">MECABUYA</subfield>
    <subfield code="b">MECABUYA</subfield>
    <subfield code="c">LIT</subfield>
    <subfield code="d">2023-06-27</subfield>
    <subfield code="l">0</subfield>
    <subfield code="o">NHES1</subfield>
    <subfield code="p">CAB000357</subfield>
    <subfield code="r">2023-06-27 00:00:00</subfield>
    <subfield code="t">Ej.1</subfield>
    <subfield code="w">2023-06-27</subfield>
    <subfield code="y">BKLIT</subfield>
  </datafield>
  <datafield tag="952" ind1=" " ind2=" ">
    <subfield code="0">0</subfield>
    <subfield code="1">0</subfield>
    <subfield code="2">ddc</subfield>
    <subfield code="4">0</subfield>
    <subfield code="7">0</subfield>
    <subfield code="8">GEN</subfield>
    <subfield code="a">MEBAUPIA</subfield>
    <subfield code="b">MEBAUPIA</subfield>
    <subfield code="c">LIT</subfield>
    <subfield code="d">2023-09-12</subfield>
    <subfield code="l">0</subfield>
    <subfield code="o">N HES1</subfield>
    <subfield code="p">BUP00197</subfield>
    <subfield code="r">2023-09-12 20:22:35</subfield>
    <subfield code="t">Ej.1</subfield>
    <subfield code="w">2023-09-12</subfield>
    <subfield code="y">BKLIT</subfield>
  </datafield>
  <datafield tag="952" ind1=" " ind2=" ">
    <subfield code="0">0</subfield>
    <subfield code="1">0</subfield>
    <subfield code="2">ddc</subfield>
    <subfield code="4">0</subfield>
    <subfield code="7">0</subfield>
    <subfield code="8">001</subfield>
    <subfield code="a">MEMAPIRI</subfield>
    <subfield code="b">MEMAPIRI</subfield>
    <subfield code="c">LIT</subfield>
    <subfield code="d">2024-01-11</subfield>
    <subfield code="l">0</subfield>
    <subfield code="o">N HES1</subfield>
    <subfield code="p">MAP00001836</subfield>
    <subfield code="r">2024-01-11 22:25:18</subfield>
    <subfield code="t">Ej.1</subfield>
    <subfield code="w">2024-01-11</subfield>
    <subfield code="y">BKLIT</subfield>
  </datafield>
  <datafield tag="952" ind1=" " ind2=" ">
    <subfield code="0">0</subfield>
    <subfield code="1">0</subfield>
    <subfield code="2">ddc</subfield>
    <subfield code="4">0</subfield>
    <subfield code="7">0</subfield>
    <subfield code="8">GEN</subfield>
    <subfield code="a">MEURIBE</subfield>
    <subfield code="b">MEURIBE</subfield>
    <subfield code="c">LIT</subfield>
    <subfield code="d">2024-10-02</subfield>
    <subfield code="l">0</subfield>
    <subfield code="o">N HES1</subfield>
    <subfield code="p">URI01603</subfield>
    <subfield code="r">2024-10-02 09:46:13</subfield>
    <subfield code="t">Ej.1</subfield>
    <subfield code="w">2024-10-02</subfield>
    <subfield code="y">BKLIT</subfield>
  </datafield>
  <datafield tag="952" ind1=" " ind2=" ">
    <subfield code="0">0</subfield>
    <subfield code="1">0</subfield>
    <subfield code="2">ddc</subfield>
    <subfield code="4">0</subfield>
    <subfield code="7">0</subfield>
    <subfield code="8">GEN</subfield>
    <subfield code="a">MEPLOPEZ</subfield>
    <subfield code="b">MEPLOPEZ</subfield>
    <subfield code="c">GEN</subfield>
    <subfield code="d">2025-09-26</subfield>
    <subfield code="l">0</subfield>
    <subfield code="o">N HES1</subfield>
    <subfield code="p">PLZ04086</subfield>
    <subfield code="r">2025-09-26 20:55:18</subfield>
    <subfield code="t">Ej.1</subfield>
    <subfield code="w">2025-09-26</subfield>
    <subfield code="y">BKLIT</subfield>
  </datafield>
  <datafield tag="952" ind1=" " ind2=" ">
    <subfield code="0">0</subfield>
    <subfield code="1">0</subfield>
    <subfield code="2">lcc</subfield>
    <subfield code="4">0</subfield>
    <subfield code="7">0</subfield>
    <subfield code="8">GEN</subfield>
    <subfield code="a">MESJUANI</subfield>
    <subfield code="b">MESJUANI</subfield>
    <subfield code="c">LIT</subfield>
    <subfield code="d">2025-09-29</subfield>
    <subfield code="l">0</subfield>
    <subfield code="o">N HES1</subfield>
    <subfield code="p">SJU02333</subfield>
    <subfield code="r">2025-09-29 16:41:39</subfield>
    <subfield code="t">Ej.1</subfield>
    <subfield code="w">2025-09-29</subfield>
    <subfield code="y">BK</subfield>
  </datafield>
</record>
